000
00334nam a2200157Ia 4500
100
_a
Gokhale/ M.Y./ N.S. Mujumdar
490
_v
2
942
_c
BK
654
_a
mathematics II
245
_a
Applied Mathematics-II
260
_b
Nirali prakashan
_c
1999
082
_a
519
_b
GOK
300
_a
417
546
_a
ENGLISH
999
_c
32937
_d
32937